Normal view
MARC view
Entry Topical Term
001 - CONTROL NUMBER
- control field: 4206
003 - CONTROL NUMBER IDENTIFIER
- control field: ARRUPE
005 - DATE AND TIME OF LATEST TRANSACTION
- control field: 20131127132158.0
008 - FIXED-LENGTH DATA ELEMENTS
- fixed length control field: 131127|| aca||aabn | a|a d
040 ## - CATALOGING SOURCE
- Original cataloging agency: ARRUPE
- Transcribing agency: ARRUPE
150 ## - HEADING--TOPICAL TERM
- Topical term or geographic name as entry element: God (Christianity)
670 ## - SOURCE DATA FOUND
- Source citation: Work cat.: (ARRUPE)0: Neville, Robert C. 4204, Creativity and God :, 1980.